[Event "Nordkalotten Rapid Gr-2"]
[Site "Gilleleje"]
[Date "2022.11.06"]
[Round "3"]
[White "Ramkilde, Mikael"]
[Black "Knudsen, Jes West"]
[Result "0-1"]
[WhiteElo "1871"]
[BlackElo "1906"]
[PlyCount "66"]
[EventDate "2022.11.06"]
[EventType "tourn (rapid)"]
[EventRounds "7"]
[EventCountry "DEN"]
[SourceTitle "EXT 2024"]
[Source "ChessBase"]
[SourceDate "2023.10.10"]
[SourceVersion "1"]
[SourceVersionDate "2023.10.10"]
[SourceQuality "1"]

1. e4 d5 2. exd5 Nf6 3. d4 Bg4 4. f3 Bf5 5. c4 e6 6. g4 Bxb1 7. Rxb1 Bb4+ 8. Kf2 0-0 9. g5 Nh5 10. f4 g6 11. Be2 Ng7 12. Nf3 exd5 13. c5 c6 14. h4 Ba5 15. Ne5 Bc7 16. Bg4 f5 17. Be2 Bxe5 18. dxe5 Qa5 19. b4 Qc7 20. h5 b6 21. hxg6 hxg6 22. Rb3 bxc5 23. bxc5 Nd7 24. Qc2 Qa5 25. Ba3 Kf7 26. Bb4 Qc7 27. Rh7 Rh8 28. Rxg7+ Kxg7 29. e6 Qxf4+ 30. Kg1 Qxg5+ 31. Kf2 Qh4+ 32. Ke3 Qg5+ 33. Kd3 Rh3+ 0-1

[Event "Gibraltar Masters 12th"]
[Site "Caleta"]
[Date "2014.01.29"]
[Round "2"]
[White "Knudsen, Jes West"]
[Black "Raznikov, Danny"]
[Result "0-1"]
[WhiteElo "1874"]
[BlackElo "2479"]
[PlyCount "54"]
[EventDate "2014.01.28"]
[EventType "swiss"]
[EventRounds "10"]
[EventCountry "GGB"]
[SourceTitle "CBM 159"]
[Source "ChessBase"]
[SourceDate "2014.03.17"]
[SourceVersion "1"]
[SourceVersionDate "2014.03.17"]
[SourceQuality "1"]

1. e4 c5 2. a3 Nc6 3. b4 e5 4. b5 Nd4 5. Bb2 Nf6 6. Bxd4 cxd4 7. c3 Bc5 8. Bc4 Nxe4 9. Qg4 Ng5 10. Qg3 0-0 11. Ne2 d5 12. Bxd5 Qxd5 13. Qxg5 d3 14. c4 Qxc4 15. Nec3 Qg4 16. Qxg4 Bxg4 17. f3 Be6 18. Ne4 Bd4 19. Nbc3 Rfd8 20. Rc1 Rac8 21. g4 f5 22. gxf5 Bxf5 23. h4 Rc4 24. Rh2 Bxe4 25. fxe4 Rdc8 26. Rh3 Bxc3 27. dxc3 Rxc3 0-1

[Event "Nordea Cup-B"]
[Site "Hillerod"]
[Date "2013.06.04"]
[Round "6"]
[White "Samuelsen, Hans"]
[Black "Knudsen, Jes West"]
[Result "1-0"]
[WhiteElo "1830"]
[BlackElo "1848"]
[PlyCount "141"]
[EventDate "2013.04.30"]
[EventType "tourn"]
[EventRounds "7"]
[EventCountry "DEN"]
[SourceTitle "EXT 2023"]
[Source "ChessBase"]
[SourceDate "2022.10.05"]
[SourceVersion "1"]
[SourceVersionDate "2022.10.05"]
[SourceQuality "1"]

1. d4 f5 2. Nc3 Nf6 3. Bg5 d5 4. Bxf6 exf6 5. e3 Be6 6. Qf3 c6 7. Bd3 Qd7 8. Nge2 g6 9. Nf4 Bf7 10. h4 h5 11. a3 Na6 12. Qe2 Nc7 13. 0-0-0 0-0-0 14. Qd2 Bh6 15. Na4 b6 16. Kb1 c5 17. Nc3 g5 18. hxg5 fxg5 19. Nxh5 cxd4 20. exd4 f4 21. Rde1 Rde8 22. Nf6 Rxe1+ 23. Rxe1 Qd6 24. Ng4 Bg7 25. Ne5 Qe6 26. Nxf7 Qxf7 27. Nb5 Qf6 28. Nxc7 Kxc7 29. c3 g4 30. Qe2 f3 31. gxf3 gxf3 32. Qe7+ Kb8 33. Qxf6 Bxf6 34. Re3 Rh3 35. Bf5 Rh1+ 36. Ka2 Rh2 37. Rxf3 Bh4 38. Be6 Rxf2 39. Rh3 Bg5 40. Rh1 Bd2 41. Kb3 a5 42. Ka4 Bf4 43. Kb3 a4+ 44. Kxa4 Rxb2 45. Bxd5 b5+ 46. Ka5 Bd2 47. Kb6 Kc8 48. Kc6 Kd8 49. Kd6 Bf4+ 50. Kc5 Bd2 51. Rh3 Rc2 52. Kb4 Rb2+ 53. Bb3 Bg5 54. c4 bxc4 55. Kxc4 Be7 56. a4 Rd2 57. a5 Bf6 58. d5 Kc7 59. Rh7+ Kd6 60. Rb7 Rd4+ 61. Kb5 Rd3 62. Bc4 Ra3 63. Rb6+ Ke5 64. Re6+ Kf5 65. d6 Bd8 66. a6 Ra1 67. Re8 Rb1+ 68. Kc6 Rc1 69. Kc5 Bh4 70. Kd5 Bf6 71. Bd3+ 1-0

[Event "Nordea Cup-B"]
[Site "Hillerod"]
[Date "2013.05.14"]
[Round "3"]
[White "Linderod, Lars Erik"]
[Black "Knudsen, Jes West"]
[Result "1/2-1/2"]
[WhiteElo "1841"]
[BlackElo "1848"]
[PlyCount "75"]
[EventDate "2013.04.30"]
[EventType "tourn"]
[EventRounds "7"]
[EventCountry "DEN"]
[SourceTitle "EXT 2023"]
[Source "ChessBase"]
[SourceDate "2022.10.05"]
[SourceVersion "1"]
[SourceVersionDate "2022.10.05"]
[SourceQuality "1"]

1. e4 Nf6 2. Nc3 d5 3. e5 Ne4 4. d4 Nxc3 5. bxc3 c5 6. Bd3 Qa5 7. Bd2 c4 8. Be2 Bf5 9. Qb1 Nd7 10. Nf3 h6 11. Nh4 Bh7 12. e6 fxe6 13. Bh5+ Kd8 14. Ng6 Bxg6 15. Bxg6 Qb6 16. 0-0 e5 17. Qxb6+ axb6 18. Bf7 Ra3 19. Rfb1 e6 20. Bxe6 Bd6 21. Bxd7 Kxd7 22. Rxb6 Rha8 23. Rxb7+ Ke6 24. Rxg7 Rxa2 25. Rxa2 Rxa2 26. g3 Rxc2 27. Be1 exd4 28. Rg6+ Kd7 29. Rg7+ Kc6 30. cxd4 Rc1 31. Kf1 Rd1 32. Rg6 c3 33. Ke2 c2 34. Bd2 c1Q 35. Bxc1 Rxc1 36. Rxh6 Rc2+ 37. Ke3 Rc3+ 38. Ke2 1/2-1/2

[Event "DEN-ch2A"]
[Site "Helsingor"]
[Date "2013.03.28"]
[Round "1"]
[White "Knudsen, Jes West"]
[Black "Nielsen, Jan Mose"]
[Result "1-0"]
[WhiteElo "1924"]
[BlackElo "2105"]
[PlyCount "49"]
[EventDate "2013.03.28"]
[EventType "swiss"]
[EventRounds "5"]
[EventCountry "DEN"]
[SourceTitle "EXT 2014"]
[Source "ChessBase"]
[SourceDate "2013.11.20"]
[SourceVersion "1"]
[SourceVersionDate "2013.11.20"]
[SourceQuality "1"]

1. e4 c5 2. Nf3 Nc6 3. Bb5 g6 4. Bxc6 bxc6 5. d4 cxd4 6. Qxd4 f6 7. 0-0 Qb6 8. Qc3 Rb8 9. Re1 e5 10. a3 Bg7 11. Nbd2 Ba6 12. b4 Nh6 13. Nc4 Bxc4 14. Bxh6 Bxh6 15. Qxc4 Ke7 16. Rad1 Rhd8 17. Rd3 d5 18. exd5 cxd5 19. Qh4 Bg7 20. Qxh7 Kf8 21. Nh4 e4 22. Nxg6+ Kf7 23. Rg3 Rb7 24. Nf4 Rg8 25. Qh5+ 1-0

[Event "Borup op 6th"]
[Site "Borup"]
[Date "2012.09.23"]
[Round "9"]
[White "Larsen, Karsten"]
[Black "Knudsen, Jes West"]
[Result "1-0"]
[WhiteElo "2288"]
[BlackElo "1892"]
[PlyCount "65"]
[EventDate "2012.09.14"]
[EventType "swiss"]
[EventRounds "9"]
[EventCountry "DEN"]
[SourceTitle "CBM 150 Extra"]
[Source "ChessBase"]
[SourceDate "2012.10.19"]
[SourceVersion "1"]
[SourceVersionDate "2012.10.19"]
[SourceQuality "1"]

1. e4 e5 2. Bc4 Nf6 3. d3 c6 4. Nf3 d5 5. Bb3 Bc5 6. Qe2 0-0 7. 0-0 dxe4 8. dxe4 Bg4 9. Re1 a5 10. a3 a4 11. Ba2 Qa5 12. Nbd2 Qa7 13. h3 Bh5 14. g4 Bxg4 15. hxg4 Nxg4 16. Rf1 b5 17. Ng5 h5 18. Ndf3 Nd7 19. Nh4 g6 20. Nxg6 Kg7 21. Nxf8 Rxf8 22. Kg2 Ndf6 23. Bd2 h4 24. Rae1 Qe7 25. f3 Nh6 26. Rh1 Nh5 27. Rxh4 Nf4+ 28. Bxf4 exf4 29. Rh5 Rg8 30. Kf1 Qf6 31. c3 Qg6 32. Qh2 Kf8 33. Rxh6 1-0

[Event "Borup op 6th"]
[Site "Borup"]
[Date "2012.09.21"]
[Round "6"]
[White "Eriksson, Christian Altenburg"]
[Black "Knudsen, Jes West"]
[Result "0-1"]
[WhiteElo "2118"]
[BlackElo "1892"]
[PlyCount "62"]
[EventDate "2012.09.14"]
[EventType "swiss"]
[EventRounds "9"]
[EventCountry "DEN"]
[SourceTitle "CBM 150 Extra"]
[Source "ChessBase"]
[SourceDate "2012.10.19"]
[SourceVersion "1"]
[SourceVersionDate "2012.10.19"]
[SourceQuality "1"]

1. e4 Nf6 2. e5 Nd5 3. c4 Nb6 4. c5 Nd5 5. d4 d6 6. cxd6 exd6 7. Nf3 dxe5 8. Nxe5 Bb4+ 9. Bd2 0-0 10. Bc4 Bxd2+ 11. Qxd2 f6 12. Nc3 c6 13. Nf3 Re8+ 14. Ne2 Bg4 15. 0-0-0 Bxf3 16. gxf3 b5 17. Bb3 Kh8 18. Nf4 Qd6 19. Bxd5 cxd5 20. h4 a5 21. Rhe1 Nc6 22. Re3 Rec8 23. Kb1 Nb4 24. Re6 Qc7 25. a3 Qc4 26. axb4 axb4 27. Re8+ Rxe8 28. Nd3 Qa2+ 29. Kc1 b3 30. Qc3 Re2 31. Rd2 Qa1# 0-1

[Event "Borup op 6th"]
[Site "Borup"]
[Date "2012.09.15"]
[Round "2"]
[White "Pedersen, Hans Dahl"]
[Black "Knudsen, Jes West"]
[Result "0-1"]
[WhiteElo "2211"]
[BlackElo "1892"]
[PlyCount "78"]
[EventDate "2012.09.14"]
[EventType "swiss"]
[EventRounds "9"]
[EventCountry "DEN"]
[SourceTitle "CBM 150 Extra"]
[Source "ChessBase"]
[SourceDate "2012.10.19"]
[SourceVersion "1"]
[SourceVersionDate "2012.10.19"]
[SourceQuality "1"]

1. c4 f5 2. g3 Nf6 3. Bg2 c6 4. Nf3 d5 5. b3 dxc4 6. bxc4 e5 7. Bb2 Bc5 8. e3 e4 9. Nd4 Na6 10. 0-0 0-0 11. f3 Nb4 12. Nb3 Be7 13. Bd4 Be6 14. a3 Na6 15. Qc2 b5 16. cxb5 cxb5 17. Nc3 Bc4 18. fxe4 Bxf1 19. Bxf1 fxe4 20. Nxe4 Rc8 21. Qd3 Qd7 22. Ng5 Nc7 23. Bh3 Qd5 24. Bxc8 Rxc8 25. Nh3 Ne6 26. Nf4 Nxf4 27. gxf4 Ne4 28. a4 Rc6 29. Qxb5 Rg6+ 30. Kf1 Nc5 31. e4 Qxb3 32. Bxc5 Qxb5+ 33. axb5 Bxc5 34. Ra4 Rg1+ 35. Ke2 Rg2+ 36. Kd3 Rxh2 37. Rc4 Bb6 38. e5 Kf7 39. Rc6 Rf2 0-1

[Event "Politiken Cup 34th"]
[Site "Helsingor"]
[Date "2012.08.02"]
[Round "7"]
[White "Amarapala, Sherington"]
[Black "Knudsen, Jes West"]
[Result "1/2-1/2"]
[WhiteElo "1732"]
[BlackElo "1918"]
[PlyCount "103"]
[EventDate "2012.07.28"]
[EventType "swiss"]
[EventRounds "10"]
[EventCountry "DEN"]
[SourceTitle "CBM 149 Extra"]
[Source "ChessBase"]
[SourceDate "2012.08.24"]
[SourceVersion "1"]
[SourceVersionDate "2012.08.24"]
[SourceQuality "1"]

1. e4 c5 2. Nf3 a6 3. d4 cxd4 4. Nxd4 Nf6 5. Nc3 e5 6. Nb3 Bb4 7. Bd2 0-0 8. Bd3 Bxc3 9. Bxc3 d5 10. exd5 Qxd5 11. Qe2 e4 12. Bc4 Qg5 13. 0-0 Bg4 14. Qd2 Qg6 15. Nd4 Bf3 16. Nxf3 exf3 17. g3 Qh5 18. Qf4 Nbd7 19. Rfe1 g5 20. Qf5 Rac8 21. Bxf6 Nxf6 22. Qxf6 Rxc4 23. Re5 h6 24. h4 Rxc2 25. hxg5 Rfc8 26. Ree1 R2c6 27. Qf4 hxg5 28. g4 gxf4 29. gxh5 Kh7 30. Re4 Rc1+ 31. Rxc1 Rxc1+ 32. Kh2 Rf1 33. Rxf4 Rxf2+ 34. Kg3 Rxb2 35. Rxf7+ Kh6 36. Kxf3 Kxh5 37. a4 Kg6 38. Rf4 Rb3+ 39. Ke4 Rb4+ 40. Ke5 Rxf4 41. Kxf4 Kf6 42. Ke4 Ke6 43. Kd4 Kd6 44. Kc4 b6 45. Kd4 a5 46. Kc4 Kc6 47. Kd4 b5 48. axb5+ Kxb5 49. Kc3 Ka4 50. Kc4 Ka3 51. Kc3 Ka2 52. Kc2 1/2-1/2

[Event "Politiken Cup 34th"]
[Site "Helsingor"]
[Date "2012.07.29"]
[Round "2"]
[White "Knudsen, Jes West"]
[Black "Moerling, Joakim"]
[Result "1-0"]
[WhiteElo "1918"]
[BlackElo "1685"]
[PlyCount "85"]
[EventDate "2012.07.28"]
[EventType "swiss"]
[EventRounds "10"]
[EventCountry "DEN"]
[SourceTitle "CBM 149 Extra"]
[Source "ChessBase"]
[SourceDate "2012.08.24"]
[SourceVersion "1"]
[SourceVersionDate "2012.08.24"]
[SourceQuality "1"]

1. Nf3 Nf6 2. g3 e6 3. Bg2 d5 4. d3 c5 5. Nbd2 Nc6 6. e4 b5 7. 0-0 Be7 8. Re1 Qb6 9. e5 Nd7 10. c4 bxc4 11. dxc4 d4 12. h4 Bb7 13. Nf1 0-0-0 14. Bf4 h6 15. a3 Nf8 16. N1d2 Ng6 17. h5 Nxf4 18. gxf4 Rd7 19. Rb1 a5 20. Ne4 Rhd8 21. Qd3 a4 22. b3 Qa6 23. Nfd2 Rc7 24. Rb2 axb3 25. Nxb3 Na5 26. Nxa5 Qxa5 27. Reb1 Bc6 28. Qg3 Bf8 29. Nd6+ Bxd6 30. exd6 Rxd6 31. Rb8+ Kd7 32. Qxg7 Bxg2 33. Qxf7+ Kc6 34. Qe8+ Rdd7 35. Qxe6+ Rd6 36. Qe8+ Rdd7 37. Qg6+ Rd6 38. Qxg2+ Kd7 39. Qg8 Kc6 40. Qe8+ Rdd7 41. Qe6+ Rd6 42. Qe4+ Kd7 43. Qe8# 1-0

[Event "Nordea Cup-A"]
[Site "Hillerod"]
[Date "2012.05.29"]
[Round "4"]
[White "Knudsen, Jes West"]
[Black "Petersen, Peter Birk"]
[Result "0-1"]
[WhiteElo "1890"]
[BlackElo "2146"]
[PlyCount "80"]
[EventDate "2012.05.01"]
[EventType "tourn"]
[EventRounds "7"]
[EventCountry "DEN"]
[SourceTitle "EXT 2018"]
[Source "ChessBase"]
[SourceDate "2017.10.13"]
[SourceVersion "1"]
[SourceVersionDate "2017.10.13"]
[SourceQuality "1"]

1. e4 c5 2. Nf3 e6 3. d4 cxd4 4. Nxd4 Nc6 5. Nc3 Qc7 6. g3 a6 7. Nxc6 bxc6 8. Bg2 Nf6 9. 0-0 Be7 10. Bf4 e5 11. Be3 d6 12. Na4 Be6 13. Qe2 0-0 14. Bb6 Qb7 15. c4 Nd7 16. Ba5 Rae8 17. f4 f5 18. exf5 Bxf5 19. g4 Bg6 20. f5 Bf7 21. Rae1 Bd8 22. Bd2 Nb6 23. Nxb6 Bxb6+ 24. Kh1 d5 25. c5 Bc7 26. b4 e4 27. Bc3 Be5 28. Bxe5 Rxe5 29. Qb2 Qe7 30. g5 Bh5 31. f6 gxf6 32. gxf6 Rxf6 33. Rxf6 Qxf6 34. Rf1 Qe7 35. Qa3 e3 36. Qxa6 e2 37. Rg1 e1Q 38. Bxd5+ Kh8 39. Qxc6 Rxd5 40. Qxd5 Q7e4+ 0-1

[Event "Gibraltar Masters 10th"]
[Site "Caleta"]
[Date "2012.02.01"]
[Round "9"]
[White "Knudsen, Jes West"]
[Black "Dasaolu, Adeoye"]
[Result "0-1"]
[WhiteElo "1892"]
[BlackElo "2103"]
[PlyCount "114"]
[EventDate "2012.01.24"]
[EventType "swiss"]
[EventRounds "10"]
[EventCountry "GGB"]
[SourceTitle "CBM 147"]
[Source "ChessBase"]
[SourceDate "2012.03.16"]
[SourceVersion "1"]
[SourceVersionDate "2012.03.16"]
[SourceQuality "1"]

1. e4 d5 2. exd5 Qxd5 3. Nc3 Qa5 4. Nf3 c6 5. Bc4 Nf6 6. 0-0 Bg4 7. h3 Bh5 8. g4 Bg6 9. Re1 e6 10. d4 Bb4 11. Re5 Qc7 12. a3 Bd6 13. Re2 0-0 14. Ne5 Bxe5 15. dxe5 Nd5 16. Qe1 Nd7 17. Bd2 Rfe8 18. Rc1 h6 19. b4 Nf8 20. b5 Nxc3 21. Bxc3 c5 22. f4 Rad8 23. Qf2 b6 24. h4 Qb7 25. h5 Be4 26. Rce1 Bf3 27. Re3 Bxg4 28. Qh4 Bf5 29. Rg3 Qe7 30. Qh2 Kh7 31. Qg2 g6 32. Bd3 Rxd3 33. cxd3 Rd8 34. Rd1 Qh4 35. Qh2 Qe7 36. Qe2 Qd7 37. Qg2 Qxb5 38. d4 c4 39. Qb7 Qd7 40. Qxd7 Rxd7 41. Bb4 Kg7 42. Kf2 Rd5 43. Ke3 Nd7 44. Rc1 Bd3 45. Be7 Rb5 46. hxg6 fxg6 47. Rc3 Kf7 48. Bd6 Rb2 49. Rh3 h5 50. Rg3 b5 51. Rg1 Bf5 52. Kf3 Nb6 53. Rg2 Be4+ 54. Kxe4 Rxg2 55. Bc5 Nd5 56. Rc1 Rg3 57. Re1 Nc3# 0-1

[Event "Gibraltar Masters 10th"]
[Site "Caleta"]
[Date "2012.01.31"]
[Round "8"]
[White "Suez Panama, Gilles"]
[Black "Knudsen, Jes West"]
[Result "0-1"]
[WhiteElo "2034"]
[BlackElo "1892"]
[PlyCount "78"]
[EventDate "2012.01.24"]
[EventType "swiss"]
[EventRounds "10"]
[EventCountry "GGB"]
[SourceTitle "CBM 147"]
[Source "ChessBase"]
[SourceDate "2012.03.16"]
[SourceVersion "1"]
[SourceVersionDate "2012.03.16"]
[SourceQuality "1"]

1. d4 f5 2. Nf3 Nf6 3. g3 g6 4. c3 Bg7 5. Qb3 d5 6. Bg2 c6 7. 0-0 Qb6 8. Bf4 Nbd7 9. Qc2 Nh5 10. Nbd2 Nxf4 11. gxf4 Nf6 12. Ne5 Be6 13. a4 0-0 14. a5 Qd8 15. a6 Qc7 16. axb7 Qxb7 17. Ra5 Nh5 18. Nd3 Qc7 19. Rfa1 Nxf4 20. Nxf4 Qxf4 21. Rxa7 Rxa7 22. Rxa7 Bf6 23. e3 Qb8 24. Ra6 Bd7 25. b4 e6 26. Nb3 Be7 27. Qa2 f4 28. Ra7 fxe3 29. fxe3 Rd8 30. Nc5 Bxc5 31. bxc5 e5 32. Bxd5+ cxd5 33. Qxd5+ Kf8 34. Rxd7 Qb1+ 35. Kf2 Qf5+ 36. Qf3 Qxf3+ 37. Kxf3 Rxd7 38. c6 Rd6 39. Ke4 Rxc6 0-1

[Event "Gibraltar Masters 10th"]
[Site "Caleta"]
[Date "2012.01.30"]
[Round "7"]
[White "Walton, Alan J"]
[Black "Knudsen, Jes West"]
[Result "1-0"]
[WhiteElo "2161"]
[BlackElo "1892"]
[PlyCount "45"]
[EventDate "2012.01.24"]
[EventType "swiss"]
[EventRounds "10"]
[EventCountry "GGB"]
[SourceTitle "CBM 147"]
[Source "ChessBase"]
[SourceDate "2012.03.16"]
[SourceVersion "1"]
[SourceVersionDate "2012.03.16"]
[SourceQuality "1"]

1. d4 f5 2. Bg5 c6 3. e3 Qb6 4. b3 e6 5. Nf3 h6 6. Bh4 g5 7. Bg3 Nf6 8. Be2 Bg7 9. Nbd2 d5 10. Ne5 0-0 11. c4 Nbd7 12. Qc2 f4 13. c5 Qa5 14. exf4 Ne4 15. fxg5 Nxe5 16. dxe5 hxg5 17. Bd3 Nxc5 18. Bh7+ Kh8 19. 0-0 Nd7 20. Nf3 Qd8 21. Rfe1 g4 22. Nh4 Nxe5 23. Rxe5 1-0

[Event "Gibraltar Challengers-B 10th"]
[Site "Caleta"]
[Date "2012.01.29"]
[Round "2"]
[White "Jaunooby, Ali Reza"]
[Black "Knudsen, Jes West"]
[Result "1-0"]
[WhiteElo "2146"]
[BlackElo "1892"]
[PlyCount "53"]
[EventDate "2012.01.28"]
[EventType "swiss"]
[EventRounds "5"]
[EventCountry "GGB"]
[SourceTitle "CBM 146 Extra"]
[Source "ChessBase"]
[SourceDate "2012.02.29"]
[SourceVersion "1"]
[SourceVersionDate "2012.02.29"]
[SourceQuality "1"]

1. d4 f5 2. g4 Nf6 3. g5 Ne4 4. f3 Nd6 5. Nc3 e6 6. e4 Be7 7. e5 Bxg5 8. exd6 Bh4+ 9. Ke2 cxd6 10. Bf4 Qb6 11. Qd3 Nc6 12. Nb5 0-0 13. Bxd6 Nxd4+ 14. Qxd4 Qxb5+ 15. Kd2 Bg5+ 16. f4 Qc6 17. fxg5 Qxh1 18. Be2 Qg2 19. Nf3 Re8 20. Rg1 Qh3 21. Rg3 Qh5 22. h4 Rd8 23. Ne5 Qe8 24. h5 b6 25. h6 Bb7 26. g6 gxh6 27. Nf7 1-0